| 000 | 00408 a2200133 4500 | ||
|---|---|---|---|
| 082 |
_a624.183412 _b PHI |
||
| 100 |
_aPHILIPS, WILLIAM R _943517 |
||
| 245 | _aPLANT CAST PRECAST AND PRESTRESSED CONCRETE | ||
| 260 |
_aUSA _bTHE PRESTRESSED CONCRETE ASSIOCATION _c1980 |
||
| 300 |
_aVII, 547P. _c24CM |
||
| 500 | _aPRESTRESSED CONCRETE | ||
| 526 |
_a0 _b0 _c0 _d624_183412000000000_PHI_PHILIP |
||
| 942 |
_2ddc _cBKB |
||
| 999 |
_c547306 _d547306 |
||